| 000 | 00678nam a2200229Ia 4500 | ||
|---|---|---|---|
| 003 | OSt | ||
| 005 | 20220923212007.0 | ||
| 006 | a|||||r|||| 00| 0 | ||
| 007 | ta | ||
| 008 | Pun | ||
| 024 | _a101,618 | ||
| 037 | _cTextual | ||
| 040 |
_aARTS _cARTS _bPun |
||
| 041 |
_2Pun _aPun |
||
| 082 | _aV236w, 153K9 | ||
| 100 | _aਸਤਿਬੀਰ ਸਿੰਘ | ||
| 245 | 0 | _aਪੁਰਾਤਨ ਇਤਿਹਾਸਕ ਜੀਵਨੀਆਂ | |
| 260 |
_aਜਲੰਧਰ _b ਨਿਊ ਬੁੱਕ ਕੰਪਨੀ _c1969 |
||
| 650 | _aਭਾਰਤੀਯ ਇਤਿਹਾਸ | ||
| 942 |
_hV236w, 153K9 _cTEXL _2CC |
||
| 999 |
_c305271 _d305271 |
||